00276nam a2200109Ia 4500008004100000041000800041100001500049245003000064260003500094300000900129700002800138250110s9999 xx 000 0 und d aeng aLamkane B. aEcotel On An Island : Goa bFinal Year B. Arch, BNCAc2010 a111p aGuide Name:Rajwade Atul